Every Song by Disturbed - Statistics

General Stats
  • This quiz has been taken 17 times
    16 since last reset
  • The average score is 33 of 119
Answer Stats
Album Song % Correct
The Sickness(2000) Down with the Sickness
100%
Indestructible(2008) Indestructible
85%
Ten Thousand Fists(2005) Ten Thousand Fists
85%
Immortalized(2015) Immortalized
69%
Asylum(2010) Asylum
62%
Indestructible(2008) Inside the Fire
62%
Immortalized(2015) The Vengeful One
62%
Immortalized(2015) Who
62%
Divisive(2022) Hey You
54%
Believe(2002) Prayer
54%
Ten Thousand Fists(2005) Stricken
54%
The Sickness(2000) The Game
54%
Believe(2002) Believe
46%
Believe(2002) Liberate
46%
The Sickness(2000) Stupify
46%
Immortalized(2015) The Light
46%
Indestructible(2008) The Night
46%
Immortalized(2015) Who Taught You How to Hate
46%
Evolution(2018) A Reason to Fight
38%
Ten Thousand Fists(2005) Avarice
38%
Divisive(2022) Bad Man
38%
Ten Thousand Fists(2005) Deify
38%
Divisive(2022) Divisive
38%
The Sickness(2000) Fear
38%
The Lost Children(2011) Hell
38%
Evolution(2018) No More
38%
The Sickness(2000) Numb
38%
Immortalized(2015) Open Your Eyes
38%
Divisive(2022) Unstoppable
38%
The Sickness(2000) Voices
38%
The Sickness(2000) Want
38%
The Lost Children(2011) 3
31%
Asylum(2010) Animal
31%
Asylum(2010) Another Way to Die
31%
Evolution(2018) Are You Ready
31%
Indestructible(2008) Criminal
31%
The Sickness(2000) Droppin' Plates
31%
Immortalized(2015) Fire It Up
31%
Ten Thousand Fists(2005) Guarded
31%
Indestructible(2008) Haunted
31%
Evolution(2018) Hold on to Memories
31%
Ten Thousand Fists(2005) Just Stop
31%
Immortalized(Bonus)(2015) Legion of Monsters
31%
The Sickness(2000) Meaning of Life
31%
Indestructible(2008) Perfect Insanity
31%
Believe(2002) Remember
31%
Immortalized(2015) Save Our Last Goodbye
31%
Ten Thousand Fists(2005) Sons of Plunder
31%
The Sickness(2000) Violence Fetish
31%
Asylum(2010) Warrior
31%
Immortalized(2015) What Are You Waiting For
31%
Believe(2002) Awaken
23%
The Lost Children(2011) | The Sickness(Bonus)(2000) A Welcome Burden
23%
The Sickness(2000) Conflict
23%
Believe(2002) Darkness
23%
Ten Thousand Fists(2005) Decadence
23%
Indestructible(2008) Deciever
23%
Divisive(2022) Don't Tell Me
23%
Indestructible(2008) Façade
23%
Divisive(2022) Feeding the Fire
23%
Evolution(2018) In Another Time
23%
Believe(2002) Intoxication
23%
Believe(2002) Mistress
23%
Ten Thousand Fists(2005) Pain Redefined
23%
Believe(2002) Rise
23%
Asylum(2010) Serpentine
23%
Evolution(2018) Stronger on Your Own
23%
Divisive(2022) Take Back Your Life
23%
Indestructible(2008) The Curse
23%
Immortalized(2015) The Eye of the Storm (Intro)
23%
Evolution(2018) This Venom
23%
Evolution(2018) Watch You Burn
23%
Divisive(2022) Won't Back Down
23%
Evolution(2018) Already Gone
15%
Believe(2002) Bound
15%
Believe(2002) Breathe
15%
Asylum(2010) Crucified
15%
The Lost Children(2011) Dehumanized
15%
Believe(2002) Devour
15%
Indestructible(2008) Enough
15%
Ten Thousand Fists(2005) Forgiven
15%
The Lost Children(2011) | The Sickness(Bonus)(2000) God of the Mind
15%
Ten Thousand Fists(2005) I'm Alive
15%
Asylum(2010) Innocence
15%
Divisive(2022) Love to Hate
15%
The Lost Children(2011) Mine
15%
Ten Thousand Fists(Bonus)(2005) | The Lost Children(2011) Monster
15%
Asylum(2010) My Child
15%
Immortalized(2015) Never Wrong
15%
The Lost Children(2011) Old Friend
15%
Divisive(2022) Part of Me
15%
Asylum(2010) Remnants (Prelude)
15%
Ten Thousand Fists(2005) Sacred Lie
15%
Asylum(2010) Sacrifice
15%
The Lost Children(2011) Sickened
15%
Evolution(2018) The Best Ones Lie
15%
Indestructible(2008) Torn
15%
Ten Thousand Fists(Bonus)(2005) | The Lost Children(2011) Two Worlds
15%
Immortalized(Bonus)(2015) Tyrant
15%
Immortalized(2015) You're Mine
15%
Indestructible(2008) Divide
8%
Asylum(2010) | The Lost Children(2011) Leave It Alone
8%
Asylum(2010) Never Again
8%
Indestructible(Bonus)(2008) | The Lost Children(2011) Parasite
8%
Indestructible(Bonus)(2008) | The Lost Children(2011) Run
8%
Evolution(2018) Saviour of Nothing
8%
Immortalized(Bonus)(2015) The Brave and the Bold
8%
Asylum(2010) The Infection
8%
Immortalized(Bonus)(2015) The Warning Sign
8%
The Lost Children(2011) This Moment
8%
Evolution(2018) Uninvited Guest
8%
Ten Thousand Fists(2005) Overburdered
0%
No matching quizzes found
Score Distribution
Percent of People with Each Score
Percentile by Number Answered
Your Score History
You have not taken this quiz since the last reset